• 首页
  • 本馆介绍
  • 公告通知
  • 最新文献
  • 馆藏检索
  • 电子资源
  • 读者导购
  • 参考咨询
  • 我的图书馆
  • 登录
  • 详细信息显示
  • 放入我的书架
  • 预约/预借图书
  • 作者相关作品
  • 分类相关作品
  • 丛书相关作品
  • 出版社相关作品

书目信息

  • 表格格式
  • 工作单格式
  • 卡片格式
题名:
中文文本自动分词和标注
    
 
作者: 刘开瑛 著
分册:  
出版信息: 北京   商务印书馆  2000
页数: 286页
开本: 18cm
丛书名: 语言与计算机丛书
单 册:
中图分类: H087
科图分类:
主题词: 汉字信息处理--han zi xin xi chu li--研究
电子资源:
ISBN: 7-100-03068-4
000 00906nam0 2200265 45
001 CAL 012000925539
005 20031219104055.8
010    @a7-100-03068-4@dCNY14.00
100    @a20000610d2000 ekmy0chiy0121 ea
101 0  @achi
102    @aCN@b110000
105    @aak a 000yy
106    @ar
200 1  @a中文文本自动分词和标注@Azhong wen wen ben zi dong fen ci he biao zhu@f刘开瑛著
210    @a北京@c商务印书馆@d2000
215    @a286页@c图@d18cm
225 2  @a语言与计算机丛书@Ayu yan yu ji suan ji cong shu
320    @a有书目 (第277~286页)
330    @a本书包括自动分词是中文信息处理的基础工程、《信息处理用现代汉语分词规范》设计、信息处理用现代汉语分词词表等内容。
410  0 @12001 @a语言与计算机丛书
606 0  @a汉字信息处理@Ahan zi xin xi chu li@x研究
690    @aH087@v3
701  0 @a刘开瑛@Aliu kai ying@4著
801    @aCN@bTSTC@c20020520
905    @b310475-479@dH087@e79@f5
    
    中文文本自动分词和标注/刘开瑛著.-北京:商务印书馆,2000
    286页:图;18cm.-(语言与计算机丛书)
    
    
    ISBN 7-100-03068-4:CNY14.00
    本书包括自动分词是中文信息处理的基础工程、《信息处理用现代汉语分词规范》设计、信息处理用现代汉语分词词表等内容。
●
相关链接 在E读中查询图书 在五车中查询图书 在当当中查询图书 在豆瓣中查询图书


正题名:中文文本自动分词和标注     索取号:H087/79         预约/预借

序号 登录号 条形码 馆藏地/架位号 状态 备注
1 0310475   203104755   第四借阅区/ [索取号:H087/79] 在馆    
2 0310476   203104764   第四借阅区/ [索取号:H087/79] 在馆    
3 0310477   203104773   第四借阅区/ [索取号:H087/79] 在馆    
4 0310478   203104782   第四借阅区/ [索取号:H087/79] 在馆    
5 0310479   203104791   第二样本阅览室/ [索取号:H087/79] 在馆    
唐山师范学院图书馆 欢迎您!
大连网信软件有限公司© 版权所有